000 01734 a2200301 4500
005 20140904100225.0
008 140318s2011 mx g 0 m mul d
040 _aCO-BoUCM
_bspa
_cJose A. Gerena (modificó)
_dAldemar Mondragón
041 _aeng
041 _aspa
092 _aDVD 1350
245 0 4 _aLos pingüinos de papá
_cMark Waters, director
_h[DVD]
260 _aMéxico D.F. (México)
_bTwentieth Century Fox
_c2011
300 _a1 DVD, 94 minutos
_bimagen, sonido, color
500 _aSINOPSIS: La vida de un hombre de negocios comienza a cambiar después de que él hereda seis pingüinos, y como se transforma su apartamento en un paraíso invernal, su lado profesional empieza a desentrañarse
508 _aCRÉDITOS: Dirigida por Mark Waters ; guion por Sean Anders, John Morris y Jared Stern ; música por Rolfe Kent ; fotografía por Florian Ballhaus ; diseño de producción por Stuart Wurtzel ; dirección de arte por Patricia Woodbridge ; ambientación por Ellen Christiansen ; vestuario por Ann Roth
511 0 _aREPARTO: Jim Carrey, Carla Gugino, Angela Lansbury, Ophelia Lovibond, Madeline Carroll, Clark Gregg, Jeffrey Tambor, David Krumholtz, Philip Baker Hall, Maxwell Perry Cotton
520 _aBasada en la novela de Richard Atwater y Florence Atwater
546 _aAudio en inglés, portugués y español. Subtítulos inglés, portugués y español
650 7 _921502
_aPingüinos
_vDVD
650 7 _936906
_aAnimales en el cine
_vDVD
690 _942805
_aEntretenimiento
700 1 _aWaters, Mark
_edirector
_958441
710 2 _aTwentieth Century Fox
_951777
710 2 _aDavis Entertainment Company
_958442
765 0 _tMr. Popper's Penguins
942 _2LOCAL
_a11
_cMULTIMEDIA
_e1
999 _c240220
_d240220